000
00330nam a22001577a 4500
003
SGT
020
_a
9789351437772
082
_a
346.066,SAH
100
_a
SAHARA Y ,H.K.
245
_a
COMPANY LAW
250
_a
7TH
260
_a
NEW DELHI
_b
UNIVERSAL LAW
_c
2016
300
_a
558
650
_a
COMPANY LAW
942
_2
ddc
_c
BK
_0
7
999
_c
10927
_d
10927